000 01903cam a22003617a 4500
999 _c3880
_d3880
001 15365483
003 GZU
005 20210519114845.0
008 080714s2008 sa ab b 001 0 eng d
010 _a 2008408638
020 _a9781920118655 (pbk.)
020 _a1920118659
035 _a(OCoLC)ocn191927942
040 _aBTCTA
_cBTCTA
_dBAKER
_dYDXCP
_dKKU
_dBWX
_dIXA
_dIUL
_dDLC
042 _alccopycat
050 0 0 _aRA643.86
_bPOL 2008
245 0 4 _aThe political cost of AIDS in Africa :
_bevidence from six countries /
_cedited by Kondwani Chirambo.
260 _aPretoria, [South Africa] :
_bIDASA,
_c2008.
300 _axiii, 390 p. :
_bill., col. maps ;
_c28 cm.
500 _a"With chapters on Namibia, Malawi, Tanzania, South Africa, Senegal and Zambia, this study investigates the attrition among elected political leaders and the costs of replacing them; the loss of elected representatives, its effect on constituencies, power dynamics in parliamentary structures and on democratic governance; the failure to maintain voter registers and how it affects the credibility of electoral outcomes; the effect of stigma and discrimination on political participation"--P. [4] of cover.
504 _aIncludes bibliographical references and index.
650 0 _aAIDS (Disease)
_xPolitical aspects
_zAfrica, Sub-Saharan.
650 0 _aDemocracy
_zAfrica, Sub-Saharan.
650 0 _aElections
_zAfrica, Sub-Saharan.
650 0 _aPolitical participation
_zAfrica, Sub-Saharan.
650 0 _aVoting
_zAfrica, Sub-Saharan.
651 0 _aAfrica, Sub-Saharan
_xPolitics and government
_y1960-
700 1 _aChirambo, Kondwani.
_eeditor
710 2 _aInstitute for a Democratic Alternative for South Africa.
856 4 1 _3Table of contents only
_uhttp://www.loc.gov/catdir/toc/fy0805/2008408638.html
906 _a7
_bcbc
_ccopycat
_d3
_encip
_f20
_gy-gencatlg
942 _2lcc
_cBK
_h643.86.A357
_iPOL
_kRA